000 00534nam a2200193 a 4500
001 14809
005 20180713203337.0
008 140415d 000 0 eng d
020 _a0133902374
041 _aeng
082 _a370.973
_bBUT
100 1 _aBUTTON, H. WARREN
245 1 0 _aHISTORY OF EDUCATION AND CULTURE IN AMERICA
250 _a1a ed.
260 _a[s.l.] :
_bPRENTICE HALL,
_c[s.f.]
300 _a379
650 1 4 _aEDUCACION
_xESTADOS UNIDOS
_xHISTORIA
700 1 _aPROVENZO, EUGENE F.
_ecoaut.
999 _c14809
_d14809